Hacia el fortalecimiento del poder local: nuestro compromiso con un proceso /

שמור ב:
מידע ביבליוגרפי
מחבר ראשי: Echeverría, Juan José
פורמט: Texto
נושאים:
תגים: הוספת תג
אין תגיות, היה/י הראשונ/ה לתייג את הרשומה!

MARC

LEADER 00000 a a2200000 04500
001 8214
003
040
100 |a Echeverría, Juan José  
245 |a Hacia el fortalecimiento del poder local:   |b nuestro compromiso con un proceso /  |c Juan José Echeverría 
650 |a GOBIERNO LOCAL  
650 |a DESARROLLO POLITICO  
650 |a REFORMA POLITICA  
773 |g volumen 5, número 4; páginas 39-45  
999 |c 26811  |d 26811